Harry Potter spells (insanely hard) - Statistics

General Stats
  • This quiz has been taken 271 times
    267 since last reset
  • The average score is 23 of 32
Answer Stats
Spell description Answer % Correct
unlocking charm Alohomora
99%
unforgivible curse#2 Crucio
99%
summoning charm Accio
98%
unforgivible curse #1 Avada Kedavra
98%
unforgivible curse #3 Imperio
95%
patronus charm Expecto patronum
94%
disarming charm Expelliarmus
94%
wand-lighting charm Lumos
94%
shoots a jet of water from the tip of wand Agumenti
89%
discovered by the Half-Blood Prince Sectumsemptra
88%
memory charm Obliviate
87%
levitation charm Wingardium leviosa
87%
engorgment charm Engorgio
85%
anti-boggart spell Riddikulus
84%
stunning spell Stupefy
83%
victim dangles upside-down from legs Levicorpus
81%
confusion charm Confundo
80%
sheild charm Protego
79%
full body-bind curse Petrificus totalus
78%
wand extinguishing charm Nox
75%
silencing charm Silencio
75%
mending charm Reparo
70%
heals a broken nose Episkey
69%
summon the dark mark Morsmordre
67%
muffling charm Muffliato
63%
breaking curse Reducto
51%
shrinking charm Reducio
47%
point to north Point me
40%
vanishing spell Evanesco
34%
causes the target to move downwards Descendo
30%
freezing charm Immobulus
18%
cleaning charm Scorgify
12%
No matching quizzes found
Score Distribution
Percent of People with Each Score
Percentile by Number Answered
Your Score History
You have not taken this quiz since the last reset